<?xml version="1.0" encoding="UTF-8"?>
<record
    xmlns:xsi="http://www.w3.org/2001/XMLSchema-instance"
    xsi:schemaLocation="http://www.loc.gov/MARC21/slim http://www.loc.gov/standards/marcxml/schema/MARC21slim.xsd"
    xmlns="http://www.loc.gov/MARC21/slim">

  <leader>01055nam2a22002411  4500</leader>
  <controlfield tag="001">RU\NLR\INFOCOMM15\ROSSICA\1000009045</controlfield>
  <controlfield tag="005">20250613190827.0</controlfield>
  <datafield tag="035" ind1=" " ind2=" ">
    <subfield code="a">(NLR Aleph) 009921513</subfield>
  </datafield>
  <datafield tag="090" ind1=" " ind2=" ">
    <subfield code="a">10669557</subfield>
    <subfield code="c">10669557</subfield>
  </datafield>
  <datafield tag="100" ind1=" " ind2=" ">
    <subfield code="a">20030716d1892    |||y0rusy50      ca</subfield>
  </datafield>
  <datafield tag="101" ind1="0" ind2=" ">
    <subfield code="a">fre</subfield>
  </datafield>
  <datafield tag="102" ind1=" " ind2=" ">
    <subfield code="a">RU</subfield>
  </datafield>
  <datafield tag="105" ind1=" " ind2=" ">
    <subfield code="a">y   ||||000ay</subfield>
  </datafield>
  <datafield tag="200" ind1="0" ind2=" ">
    <subfield code="a">T.I</subfield>
  </datafield>
  <datafield tag="210" ind1=" " ind2=" ">
    <subfield code="d">[1892]</subfield>
    <subfield code="a">&#x411;. &#x43C;.</subfield>
  </datafield>
  <datafield tag="461" ind1=" " ind2="0">
    <subfield code="1">001RU\NLR\INFOCOMM15\ROSSICA\1000009044</subfield>
    <subfield code="1">2001#$a[Travaux de la 11-me Session]$fCongr&#xE8;s International d'Arch&#xE9;ologie et d'Anthropologie pr&#xE9;historiques.11-&#xE8;me Session &#xE0; Moscou, du 1/13-8/20 ao&#xFB;t 1892$vT.I</subfield>
    <subfield code="9">10669553</subfield>
    <subfield code="a">Congr&#xE8;s International d'Arch&#xE9;ologie et d'Anthropologie pr&#xE9;historiques. 11 Session (1892 ; Moscou)</subfield>
    <subfield code="c">Moscou</subfield>
    <subfield code="d">1892</subfield>
    <subfield code="f">Congr&#xE8;s International d'Arch&#xE9;ologie et d'Anthropologie pr&#xE9;historiques.11-&#xE8;me Session &#xE0; Moscou, du 1/13-8/20 ao&#xFB;t 1892</subfield>
    <subfield code="t">[Travaux de la 11-me Session]</subfield>
    <subfield code="v">T.I</subfield>
  </datafield>
  <datafield tag="801" ind1=" " ind2="1">
    <subfield code="a">RU</subfield>
    <subfield code="b">InfoComm</subfield>
    <subfield code="c">20030716</subfield>
  </datafield>
  <datafield tag="801" ind1=" " ind2="0">
    <subfield code="a">RU</subfield>
    <subfield code="b">NLR</subfield>
    <subfield code="g">PSBO</subfield>
  </datafield>
  <datafield tag="852" ind1=" " ind2=" ">
    <subfield code="a">NLR</subfield>
    <subfield code="b">Desideratum</subfield>
  </datafield>
  <datafield tag="942" ind1=" " ind2=" ">
    <subfield code="c">BOOK</subfield>
  </datafield>
  <datafield tag="980" ind1=" " ind2=" ">
    <subfield code="a">NB</subfield>
  </datafield>
  <datafield tag="980" ind1=" " ind2=" ">
    <subfield code="a">Rossica</subfield>
  </datafield>
  <datafield tag="995" ind1=" " ind2=" ">
    <subfield code="5">2013-10-26</subfield>
    <subfield code="b">NLR01</subfield>
    <subfield code="c">NLR01</subfield>
    <subfield code="e">RF02</subfield>
    <subfield code="f">9921513-10</subfield>
    <subfield code="k">Desideratum</subfield>
    <subfield code="o">0</subfield>
    <subfield code="r">BOOK</subfield>
    <subfield code="s">DESIDERATUM_</subfield>
  </datafield>
</record>
